Step by step TOEIC Bridge®: Reading 2B

محفوظ في:
التفاصيل البيبلوغرافية
المؤلف الرئيسي: Edmunds, Paul
التنسيق: كتاب
اللغة:Undetermined
منشور في: Compass Publishing 2006
الموضوعات:
الوسوم: إضافة وسم
لا توجد وسوم, كن أول من يضع وسما على هذه التسجيلة!
Thư viện lưu trữ: Trung tâm Học liệu Trường Đại học Cần Thơ
LEADER 00682nam a2200229Ia 4500
001 CTU_183131
008 210402s9999 xx 000 0 und d
020 |c 91000 
082 |a 428.0076 
082 |b S827/R2B 
100 |a Edmunds, Paul 
245 0 |a Step by step TOEIC Bridge®: 
245 0 |b Reading 2B 
245 0 |c Paul Edmunds, Anne Taylor 
260 |b Compass Publishing 
260 |c 2006 
650 |a English language,TOEIC Bridge,Tiếng Anh 
650 |x Study guides,Hướng dẫn học thi 
650 |y Examinations 
904 |i Mã hóa cutter theo tên sách 
910 |a Nguyên 
980 |a Trung tâm Học liệu Trường Đại học Cần Thơ